Introducción al análisis normativo
Guardat en:
| Autor principal: | |
|---|---|
| Format: | Llibre |
| Idioma: | espanyol |
| Publicat: |
Madrid
Centro de Estudios Constitucionales
1992
|
| Col·lecció: | Cuadernos y Debates, 39
|
| Matèries: | |
| Etiquetes: |
Afegir etiqueta
Sense etiquetes, Sigues el primer a etiquetar aquest registre!
|
MARC
| LEADER | 00000nam a2200000 a 4500 | ||
|---|---|---|---|
| 001 | UCO5344 | ||
| 003 | CL-VaPUC | ||
| 008 | 000901e19920000SP |||||||||||||||||spa|d | ||
| 082 | 0 | 4 | |a 340.1 |b MEN |2 21 |
| 100 | |a Mendonca, Daniel |e autor |9 450131 | ||
| 245 | 1 | 0 | |a Introducción al análisis normativo |
| 300 | |a 180 p | ||
| 942 | |c BK | ||
| 945 | |d 20000901 00:00:00 |a vberengu | ||
| 260 | |a Madrid |b Centro de Estudios Constitucionales |c 1992 | ||
| 650 | 0 | |a Lógica jurídica |9 255966 | |
| 650 | 7 | |a NORMAS |2 CL-VaPUC |9 259606 | |
| 650 | 0 | |a Normas jurídicas |9 258310 | |
| 650 | 0 | |a Validez |9 763717 | |
| 583 | |a last modification |c 20000901 00:00:00 |k Rodrigo Vera | ||
| 490 | 0 | |a Cuadernos y Debates, 39 | |
| 999 | |c 291238 |d 291236 | ||
| 952 | |0 0 |1 0 |4 0 |6 340_100000000000000_MEN_1992 |7 0 |8 DER_TF |9 341036 |a BIBDER |b BIBDER |d 2019-11-20 |i 3647374 |o 340.1 MEN 1992 |p 3647374 |r 2023-01-25 |w 2019-11-20 |x Ubicación 4to Piso |y BK |z Estos recursos deben solicitarse con anticipación |k DER | ||